banner-ar

عمدة كاستر بردج / (Record no. 44171)

MARC details
000 -الفاتح
حقل البيانات ثابتة الطول 00519nam a2200193Ia 4500
008 - عناصر البيانات ثابتة الطول - معلومات عامة
حقل البيانات ثابتة الطول 140319s9999 xx 000 0 ara d
040 ## - مصدر الفهرسة
وكالة الفهرسة الأصلية GCL /
وكالة النسخ GCL
082 04 - رقم تصنيف ديوى العشرى
رقم التصنيف 823.03
رقم المادة ه ع
100 1# - المدخل الرئيسى - إسم شخصى
الإسم الشخصى محمد ابراهيم زكى
245 10 - بيان العنوان
العنوان عمدة كاستر بردج /
بيان المسئوليه,etc محمد ابراهيم زكى
700 1# - المدخل الاضافى - اسم شخصى
الإسم الشخصى هاردى
700 1# - المدخل الاضافى - اسم شخصى
الإسم الشخصى توماس
300 ## - الوصف المادى
التعداد 297
490 ## - بيان السلسلة
عنوان السلسلة الالف كتاب
رقم المجلد/ التعيين التسلسلي 0
650 04 - المدخل الاضافى بالموضوع-مصطلح موضوعى
مصطلح موضوعي الادب الانجليزى
650 04 - المدخل الاضافى بالموضوع-مصطلح موضوعى
مصطلح موضوعي القصص
942 ## - عناصر المدخل الإضافي( كوها)
مصدر التصنيف او مخطط الترفيف Dewey Decimal Classification
Koha [default] item type كتاب
Holdings
حالة التراجع حالة الفقد حالة تلف ليس للاعارة المكان المؤقت الموقع الحالى تاريخ الاكتساب اجمالي اﻻعارات رقم الطلب الباركود تاريخ اخر مشاهدة تاريخ تفعيل السعر نوع وعاء كوها
        مكتبة القاهرة الكبرى مكتبة القاهرة الكبرى 03/26/2014   823.03\ه ع 107289 03/26/2014 03/26/2014 كتاب

Powered By

EGPV